Proof in VDM: : case studies
Αποθηκεύτηκε σε:
| Άλλοι συγγραφείς: | |
|---|---|
| Μορφή: | Βιβλίο |
| Γλώσσα: | English |
| Δημοσίευση: |
London :
Springer,
c1998
|
| Σειρά: | Formal approaches to computing and information technology
|
| Θέματα: | |
| Ετικέτες: |
Προσθήκη ετικέτας
Δεν υπάρχουν, Καταχωρήστε ετικέτα πρώτοι!
|
MARC
| LEADER | 00000nam a2200000 i 4500 | ||
|---|---|---|---|
| 001 | 1/15877 | ||
| 008 | 010122s1998 eng d | ||
| 020 | |a 3-540-76186-1 | ||
| 035 | |l 10065575 | ||
| 040 | |a GR-MY-UA |b gre |e aacr | ||
| 041 | 0 | |a eng | |
| 082 | 0 | |a 005.14 | |
| 245 | 1 | 0 | |a Proof in VDM: : |b case studies / |c J. C. Bicarregui (ed.) |
| 260 | |a London : |b Springer, |c c1998 | ||
| 300 | |a xiv, 226 p.; |c 24 cm. | ||
| 490 | 1 | |a Formal approaches to computing and information technology | |
| 504 | |a Includes bibliographical references and index | ||
| 650 | 0 | 0 | |a Computer software |x Development |x Case studies. |
| 650 | 0 | 0 | |a Automatic theorem proving. |
| 700 | 1 | |a Bicarregui, J. C. |q (Juan Carlos) |d 1962- |4 edt | |
| 830 | 0 | |a Formal approaches to computing and information technology | |
| 852 | |a INST |b SYROS |e 20010122 |h 005.14 PRO |p 005500001618 |q 005500001618 |t BK |y 0 | ||
| 901 | |a BIBL5-2001-1 | ||
| 909 | |a Ε |b 084376 | ||
| 922 | |a 5ΕΛΗ |b 200012 |c ΓΡΑΦΙΚΩΝ ΤΕΧΝΩΝ |d ΜΙΧΑΛΟΠΟΥΛΟΣ | ||
| 950 | |a 183-2000-12-08 | ||
| 970 | |a ΚΟΝΤΟΥ |b ΠΑΡΑΣΚΕΥΗ |z 2001/02/19 | ||